[Event "Montcalm 5 2006-07"]
[Site "Quebec CAN"]
[Date "2007.03.01"]
[Round "3"]
[White "Lapierre, Gaetan"]
[Black "Auger, Bertrand"]
[Result "0-1"]
[WhiteElo "1947"]
[BlackElo "1987"]
[PlyCount "69"]
[GameId "2160767910718405"]
[EventDate "2007.02.15"]
[EventType "swiss"]
[EventRounds "5"]
[EventCountry "CAN"]
[SourceTitle "EXT 2022"]
[Source "ChessBase"]
[SourceDate "2021.10.06"]
[SourceVersion "1"]
[SourceVersionDate "2021.10.06"]
[SourceQuality "1"]

1. e4 e6 2. d3 d5 3. Nd2 Nf6 4. Ngf3 c5 5. c3 Nc6 6. e5 Nd7 7. d4 Be7 8. Be2 O-O 9. O-O f6 10. exf6 Bxf6 11. Nb3 c4 12. Nbd2 b5 13. a3 Bb7 14. Ne1 e5 15. dxe5 Ndxe5 16. f4 Qb6+ 17. Kh1 Ng6 18. Bf3 Rad8 19. g3 Rfe8 20. Ng2 Nce7 21. g4 h6 22. Qc2 Nh4 23. g5 hxg5 24. fxg5 Bxg5 25. Nxc4 dxc4 26. Bxb7 Qxb7 27. Bxg5 Nf3 28. Bf4 Rf8 29. Qe2 Rd3 30. Qe6+ Rf7 31. Bg5 Nxg5 32. Qg4 Qd5 33. Rxf7 Kxf7 34. Re1 Kg8 35. Qh5 0-1

[Event "Montcalm 5 2006-07"]
[Site "Quebec CAN"]
[Date "2007.03.01"]
[Round "3"]
[White "Lessard, Claude"]
[Black "Cournoyer, Dominic"]
[Result "0-1"]
[WhiteElo "1985"]
[BlackElo "1839"]
[PlyCount "112"]
[GameId "2160767910718406"]
[EventDate "2007.02.15"]
[EventType "swiss"]
[EventRounds "5"]
[EventCountry "CAN"]
[SourceTitle "EXT 2022"]
[Source "ChessBase"]
[SourceDate "2021.10.06"]
[SourceVersion "1"]
[SourceVersionDate "2021.10.06"]
[SourceQuality "1"]

1. d4 d5 2. c4 c6 3. Nc3 Nf6 4. Bf4 g6 5. e3 Bg7 6. cxd5 cxd5 7. Bxb8 Rxb8 8. Qa4+ Bd7 9. Bb5 a6 10. Bxd7+ Qxd7 11. Qxd7+ Kxd7 12. Nf3 e6 13. Ne5+ Ke7 14. O-O Nd7 15. Nxd7 Kxd7 16. Rfc1 Rhc8 17. Kf1 Bf8 18. Ke2 Rc6 19. f4 Rbc8 20. Kd3 Be7 21. g4 Bb4 22. a3 Bxc3 23. bxc3 Rc4 24. Rab1 R8c7 25. Rb4 Rxb4 26. axb4 Rc8 27. e4 dxe4+ 28. Kxe4 f5+ 29. gxf5 exf5+ 30. Ke5 Re8+ 31. Kf6 Re4 32. Kg7 Rxf4 33. Kxh7 Rg4 34. Rd1 g5 35. Kg6 f4 36. Kf5 Rg2 37. h4 gxh4 38. Kxf4 Rg3 39. c4 Rb3 40. Ke5 Rxb4 41. Kd5 Rb6 42. Rd3 Rh6 43. Rh3 Rh5+ 44. Ke4 a5 45. Kd3 b6 46. d5 Kd6 47. Kc3 Kc5 48. Kb3 b5 49. cxb5 Kxb5 50. d6 Kc6 51. d7 Kxd7 52. Kc4 Ke6 53. Kd4 Kf5 54. Ke3 Kg4 55. Rh1 Rg5 56. Kf2 h3 0-1

[Event "Montcalm 5 2006-07"]
[Site "Quebec CAN"]
[Date "2007.03.01"]
[Round "3"]
[White "Sauve, Richard"]
[Black "Perreault, Jacquelin"]
[Result "0-1"]
[WhiteElo "2022"]
[BlackElo "1828"]
[PlyCount "108"]
[GameId "2160767910718407"]
[EventDate "2007.02.15"]
[EventType "swiss"]
[EventRounds "5"]
[EventCountry "CAN"]
[SourceTitle "EXT 2022"]
[Source "ChessBase"]
[SourceDate "2021.10.06"]
[SourceVersion "1"]
[SourceVersionDate "2021.10.06"]
[SourceQuality "1"]

1. d4 f5 2. c4 Nf6 3. Nc3 e6 4. Nf3 b6 5. Bf4 Bb7 6. e3 Bb4 7. Qc2 O-O 8. Bd3 Ne4 9. O-O Bxc3 10. bxc3 d6 11. Nd2 Nxd2 12. Qxd2 Nd7 13. f3 e5 14. Bg3 c5 15. d5 Qe8 16. Qc2 Qh5 17. e4 f4 18. Be1 g5 19. h3 Rf6 20. a4 Raf8 21. a5 bxa5 22. Rxa5 a6 23. Qa4 R6f7 24. Bf2 Nf6 25. Bxc5 dxc5 26. Rxc5 Bc8 27. Qa2 g4 28. Rxc8 Rxc8 29. fxg4 Qg5 30. Qxa6 Rcf8 31. c5 h5 32. gxh5 Nxh5 33. Qe6 f3 34. Qg4 Qxg4 35. hxg4 Nf4 36. Bc4 fxg2 37. Rf3 Rh7 38. d6+ Kh8 39. Rxf4 exf4 40. Kxg2 f3+ 41. Kf2 Rh2+ 42. Ke3 f2 43. c6 Rh3+ 44. Kd4 f1=Q 45. Bxf1 Rxf1 46. c7 Rd1+ 47. Kc4 Kg7 48. Kb4 Rh8 49. Kc5 Kf6 50. Kc6 Ke6 51. e5 Rc1 52. g5 Rxc3+ 53. Kb7 Kd7 54. g6 Rg3 0-1

[Event "Montcalm 5 2006-07"]
[Site "Quebec CAN"]
[Date "2007.03.13"]
[Round "4"]
[White "Poulin, Dany"]
[Black "Bourassa, Andre"]
[Result "1/2-1/2"]
[WhiteElo "1322"]
[BlackElo "1747"]
[PlyCount "80"]
[GameId "2160767910718408"]
[EventDate "2007.02.15"]
[EventType "swiss"]
[EventRounds "5"]
[EventCountry "CAN"]
[SourceTitle "EXT 2022"]
[Source "ChessBase"]
[SourceDate "2021.10.06"]
[SourceVersion "1"]
[SourceVersionDate "2021.10.06"]
[SourceQuality "1"]

1. d4 d5 2. Nf3 e6 3. b3 c5 4. dxc5 Bxc5 5. e3 Nf6 6. Bb2 O-O 7. Be2 Nc6 8. O-O Nd7 9. Nbd2 e5 10. c4 d4 11. exd4 Bxd4 12. Nxd4 exd4 13. Nf3 Nc5 14. Nxd4 Nxd4 15. Qxd4 Ne6 16. Qxd8 Rxd8 17. Rad1 Bd7 18. Rd2 Bc6 19. Rfd1 Rxd2 20. Rxd2 Nf4 21. f3 Nxe2+ 22. Rxe2 f6 23. Kf2 Re8 24. Bc3 Kf7 25. a4 Re6 26. Re3 Rxe3 27. Kxe3 h5 28. h4 g5 29. hxg5 fxg5 30. g3 Ke6 31. Bd4 a6 32. f4 h4 33. gxh4 gxh4 34. Kf2 Kf5 35. Be5 Ke4 36. a5 Bd7 37. Bd6 Be6 38. Kg2 Kd4 39. c5 Ke3 40. b4 Bf5 1/2-1/2

[Event "Montcalm 5 2006-07"]
[Site "Quebec CAN"]
[Date "2007.03.15"]
[Round "4"]
[White "Auger, Bertrand"]
[Black "Audet-Bouchard, Nicolas"]
[Result "0-1"]
[WhiteElo "1987"]
[BlackElo "2242"]
[PlyCount "116"]
[GameId "2160767910718409"]
[EventDate "2007.02.15"]
[EventType "swiss"]
[EventRounds "5"]
[EventCountry "CAN"]
[SourceTitle "EXT 2022"]
[Source "ChessBase"]
[SourceDate "2021.10.06"]
[SourceVersion "1"]
[SourceVersionDate "2021.10.06"]
[SourceQuality "1"]

1. Nf3 Nf6 2. g3 c5 3. c4 d5 4. cxd5 Nxd5 5. Bg2 Nb4 6. O-O N8c6 7. Nc3 e5 8. a3 Na6 9. d3 Be7 10. Be3 O-O 11. Rc1 f6 12. Qb3+ Kh8 13. Na4 Nd4 14. Nxd4 cxd4 15. Bd2 Rb8 16. Bb4 Nxb4 17. axb4 Qd6 18. Nc5 b6 19. Ne4 Qxb4 20. Qxb4 Bxb4 21. Rc7 a5 22. h3 Be6 23. f4 exf4 24. gxf4 Rfc8 25. Rfc1 Rxc7 26. Rxc7 a4 27. Ra7 b5 28. Ng3 Kg8 29. f5 Bb3 30. Nh5 Bf7 31. Nf4 Bd2 32. Nd5 Bc1 33. Nc7 h6 34. Bc6 b4 35. Bxa4 Bxb2 36. Ne6 b3 37. Bxb3 Rxb3 38. Ra8+ Be8 39. Rxe8+ Kf7 40. Rf8+ Ke7 41. Rg8 Rb5 42. Rxg7+ Kd6 43. Rg4 Rd5 44. Rf4 Bc1 45. Rf3 Be3+ 46. Kg2 Ra5 47. Rf1 Ke5 48. h4 Ra2 49. Kf3 Kxf5 50. Ng7+ Ke5 51. Nh5 Ra5 52. Rb1 Kf5 53. Ng3+ Kg6 54. h5+ Kg5 55. Rb6 f5 56. Rg6+ Kh4 57. Rf6 f4 58. Rg6 fxg3 0-1

[Event "Montcalm 5 2006-07"]
[Site "Quebec CAN"]
[Date "2007.03.15"]
[Round "4"]
[White "Chiffot, Nicolas"]
[Black "Angers, Gilles"]
[Result "1-0"]
[WhiteElo "1804"]
[BlackElo "1956"]
[PlyCount "60"]
[GameId "2160767910718410"]
[EventDate "2007.02.15"]
[EventType "swiss"]
[EventRounds "5"]
[EventCountry "CAN"]
[SourceTitle "EXT 2022"]
[Source "ChessBase"]
[SourceDate "2021.10.06"]
[SourceVersion "1"]
[SourceVersionDate "2021.10.06"]
[SourceQuality "1"]

1. f4 d5 2. Nf3 Nf6 3. e3 g6 4. b3 Bg7 5. Bb2 O-O 6. Be2 c5 7. O-O Nc6 8. d3 Qc7 9. Qc1 Rd8 10. Ne5 b6 11. Nd2 Bb7 12. Ndf3 h6 13. Qe1 Nd7 14. Qg3 Ndxe5 15. Nxe5 d4 16. Nxc6 Bxc6 17. e4 b5 18. Rae1 a5 19. e5 e6 20. h4 a4 21. Bd1 axb3 22. axb3 c4 23. bxc4 bxc4 24. f5 exf5 25. h5 Kh7 26. Bc1 Ra5 27. Bf4 g5 28. Bxg5 Bxe5 29. Bxd8 Bxg3 30. Bxc7 Bxc7 1-0

[Event "Montcalm 5 2006-07"]
[Site "Quebec CAN"]
[Date "2007.03.15"]
[Round "4"]
[White "Monga, Alain"]
[Black "Lapierre, Gaetan"]
[Result "1-0"]
[WhiteElo "1679"]
[BlackElo "1947"]
[PlyCount "111"]
[GameId "2160767910718411"]
[EventDate "2007.02.15"]
[EventType "swiss"]
[EventRounds "5"]
[EventCountry "CAN"]
[SourceTitle "EXT 2022"]
[Source "ChessBase"]
[SourceDate "2021.10.06"]
[SourceVersion "1"]
[SourceVersionDate "2021.10.06"]
[SourceQuality "1"]

1. e4 d6 2. d4 Nf6 3. Nc3 g6 4. h3 Bg7 5. Nf3 O-O 6. Be3 c6 7. a4 Qc7 8. Be2 e5 9. O-O Re8 10. dxe5 dxe5 11. Bc4 Be6 12. Qe2 Nh5 13. Bxe6 Rxe6 14. g3 Re8 15. Rfd1 Nd7 16. Rd2 Nf8 17. Rad1 h6 18. Qc4 Qc8 19. Kg2 Nf6 20. Rd6 g5 21. Nh2 Ne6 22. Nf1 Bf8 23. R6d3 Be7 24. b4 b6 25. f3 Qc7 26. Bf2 Rac8 27. Ne2 c5 28. b5 Rcd8 29. c3 Rxd3 30. Rxd3 Rd8 31. Ne3 Rxd3 32. Qxd3 Qd8 33. Qxd8+ Nxd8 34. Kf1 Ne6 35. Ke1 Nc7 36. Kd2 Bf8 37. Nc1 h5 38. Nd3 g4 39. hxg4 hxg4 40. Nxg4 Nxg4 41. fxg4 f6 42. g5 Kf7 43. gxf6 Kxf6 44. Be3 Ne6 45. Nf2 Bd6 46. Ke2 c4 47. a5 bxa5 48. Bxa7 Kg5 49. Be3+ Kh5 50. Kd2 Bc5 51. b6 Nd4 52. cxd4 exd4 53. Bf4 Bb4+ 54. Kc2 d3+ 55. Nxd3 cxd3+ 56. Kxd3 1-0

[Event "Montcalm 5 2006-07"]
[Site "Quebec CAN"]
[Date "2007.03.15"]
[Round "4"]
[White "Perreault, Jacquelin"]
[Black "Cournoyer, Dominic"]
[Result "1-0"]
[WhiteElo "1828"]
[BlackElo "1839"]
[PlyCount "105"]
[GameId "2160767910718412"]
[EventDate "2007.02.15"]
[EventType "swiss"]
[EventRounds "5"]
[EventCountry "CAN"]
[SourceTitle "EXT 2022"]
[Source "ChessBase"]
[SourceDate "2021.10.06"]
[SourceVersion "1"]
[SourceVersionDate "2021.10.06"]
[SourceQuality "1"]

1. e4 d5 2. exd5 Nf6 3. d4 Nxd5 4. Nf3 g6 5. c4 Nb6 6. Nc3 Bg7 7. Be2 O-O 8. O-O Nc6 9. Be3 Na5 10. b3 c5 11. Qd2 cxd4 12. Bxd4 Nc6 13. Bxg7 Qxd2 14. Nxd2 Kxg7 15. Nf3 Bf5 16. Rad1 Rfd8 17. Rxd8 Rxd8 18. Rd1 Rxd1+ 19. Bxd1 Nd7 20. Nb5 Kf6 21. Nfd4 Nxd4 22. Nxd4 Be4 23. f3 Bb1 24. Nb5 a6 25. Nc3 Bf5 26. Kf2 Ke5 27. Ke3 g5 28. g3 Kd6 29. Ne4+ Bxe4 30. Kxe4 e6 31. f4 f5+ 32. Ke3 g4 33. Bc2 Kc5 34. a3 a5 35. Kd3 h5 36. Kc3 Nf8 37. b4+ axb4+ 38. axb4+ Kd6 39. Kd4 Ng6 40. c5+ Ke7 41. b5 h4 42. b6 hxg3 43. hxg3 Kd8 44. Bb3 Kd7 45. Ba4+ Kc8 46. Be8 Nf8 47. Ke5 Kd8 48. Bb5 Kc8 49. Kd6 Kd8 50. Bc4 Ng6 51. Bxe6 Nxf4 52. gxf4 g3 53. Bd5 1-0

[Event "Montcalm 5 2006-07"]
[Site "Quebec CAN"]
[Date "2007.03.22"]
[Round "5"]
[White "Audet-Bouchard, Nicolas"]
[Black "Chiffot, Nicolas"]
[Result "1-0"]
[WhiteElo "2242"]
[BlackElo "1804"]
[PlyCount "53"]
[GameId "2160767910718413"]
[EventDate "2007.02.15"]
[EventType "swiss"]
[EventRounds "5"]
[EventCountry "CAN"]
[SourceTitle "EXT 2022"]
[Source "ChessBase"]
[SourceDate "2021.10.06"]
[SourceVersion "1"]
[SourceVersionDate "2021.10.06"]
[SourceQuality "1"]

1. e4 c5 2. Nf3 e6 3. d4 cxd4 4. Nxd4 Nf6 5. Nc3 d6 6. Be3 a6 7. f3 Qc7 8. Qd2 Nc6 9. g4 h6 10. O-O-O Be7 11. h4 Ne5 12. Rg1 b5 13. g5 hxg5 14. hxg5 Nfd7 15. f4 Nc4 16. Bxc4 Qxc4 17. g6 Bf6 18. gxf7+ Kxf7 19. b3 Qb4 20. e5 dxe5 21. Nxe6 Rh2 22. Qd5 Ke7 23. Ng5 Bxg5 24. Rxg5 Qa3+ 25. Kb1 Rb8 26. Rxg7+ Kd8 27. Rxd7+ 1-0

[Event "Montcalm 5 2006-07"]
[Site "Quebec CAN"]
[Date "2007.03.22"]
[Round "5"]
[White "Caron, Sebastien"]
[Black "Auger, Bertrand"]
[Result "0-1"]
[WhiteElo "1871"]
[BlackElo "1987"]
[PlyCount "130"]
[GameId "2160767910718414"]
[EventDate "2007.02.15"]
[EventType "swiss"]
[EventRounds "5"]
[EventCountry "CAN"]
[SourceTitle "EXT 2022"]
[Source "ChessBase"]
[SourceDate "2021.10.06"]
[SourceVersion "1"]
[SourceVersionDate "2021.10.06"]
[SourceQuality "1"]

1. e4 e6 2. d4 d5 3. Nd2 Nf6 4. e5 Nfd7 5. f4 c5 6. c3 Nc6 7. Ndf3 Be7 8. g3 O-O 9. Bh3 cxd4 10. cxd4 Qa5+ 11. Kf1 f5 12. g4 fxg4 13. Bxg4 Kh8 14. Kg2 Qb6 15. Ne2 Nd8 16. h4 Nf7 17. Ng3 Nh6 18. Bh3 Nf5 19. Nxf5 exf5 20. Qe2 Nb8 21. Be3 Be6 22. Ng5 Bg8 23. Kh2 Nc6 24. Rac1 Qd8 25. Kg3 Qe8 26. Bg2 h6 27. Nf3 Bf7 28. Nd2 Bh5 29. Bf3 Qg6+ 30. Kh3 Bxf3 31. Qxf3 Qf7 32. a3 Rfc8 33. Rc3 Bd8 34. Rc5 Ne7 35. Rhc1 b6 36. Rxc8 Rxc8 37. Rxc8 Nxc8 38. Nf1 h5 39. Bd2 a5 40. Ne3 Ne7 41. e6 Qg6 42. b4 Kh7 43. bxa5 bxa5 44. Kh2 Kh6 45. Nxd5 Qxe6 46. Nxe7 Qxe7 47. Qg3 a4 48. Qg5+ Qxg5 49. hxg5+ Kg6 50. Bb4 Kf7 51. Kg3 g6 52. Kf3 Ke6 53. Ke3 Kd5 54. Kd3 Bc7 55. Ke3 h4 56. Be1 h3 57. Bg3 Bd6 58. Kf3 Bxa3 59. Be1 Bb2 60. Bb4 a3 61. Bxa3 Bxa3 62. Kg3 Kxd4 63. Kxh3 Ke4 64. Kg3 Ke3 65. Kg2 Kxf4 0-1

[Event "Montcalm 5 2006-07"]
[Site "Quebec CAN"]
[Date "2007.03.22"]
[Round "5"]
[White "Cournoyer, Dominic"]
[Black "Champetier, Serge"]
[Result "0-1"]
[WhiteElo "1839"]
[BlackElo "2096"]
[PlyCount "92"]
[GameId "2160767910718415"]
[EventDate "2007.02.15"]
[EventType "swiss"]
[EventRounds "5"]
[EventCountry "CAN"]
[SourceTitle "EXT 2022"]
[Source "ChessBase"]
[SourceDate "2021.10.06"]
[SourceVersion "1"]
[SourceVersionDate "2021.10.06"]
[SourceQuality "1"]

1. c4 e5 2. Nc3 Bb4 3. Nd5 Be7 4. g3 d6 5. Bg2 Nf6 6. Nc3 O-O 7. Nf3 a5 8. O-O h6 9. d3 Na6 10. b3 Nc5 11. Nd2 Bg4 12. Nde4 Ncxe4 13. Nxe4 Nxe4 14. Bxe4 c6 15. f4 f5 16. Bf3 Qb6+ 17. Kg2 Bxf3+ 18. Rxf3 a4 19. Be3 Qa6 20. b4 Rad8 21. a3 e4 22. Rf1 d5 23. dxe4 fxe4 24. cxd5 Bf6 25. Ra2 cxd5 26. Bc5 Rf7 27. Rd2 Qc4 28. Qxa4 d4 29. Qc2 Qd5 30. Kg1 Qc6 31. b5 Qxb5 32. Rb1 Qe8 33. Qd1 Rfd7 34. Bb6 Ra8 35. Bxd4 e3 36. Qb3+ Kh8 37. Bxe3 Rxd2 38. Bxd2 Qxe2 39. Qe3 Qc4 40. Rb4 Qd5 41. Re4 Kh7 42. Rb4 Rd8 43. Bc3 Qd1+ 44. Kg2 Bxc3 45. Qxc3 Rd2+ 46. Kh3 Qh5# 0-1

[Event "Montcalm 5 2006-07"]
[Site "Quebec CAN"]
[Date "2007.03.22"]
[Round "5"]
[White "Sauve, Richard"]
[Black "Monga, Alain"]
[Result "1/2-1/2"]
[WhiteElo "2022"]
[BlackElo "1679"]
[PlyCount "70"]
[GameId "2160767910718416"]
[EventDate "2007.02.15"]
[EventType "swiss"]
[EventRounds "5"]
[EventCountry "CAN"]
[SourceTitle "EXT 2022"]
[Source "ChessBase"]
[SourceDate "2021.10.06"]
[SourceVersion "1"]
[SourceVersionDate "2021.10.06"]
[SourceQuality "1"]

1. d4 d5 2. c4 c6 3. e3 Nf6 4. Nc3 e6 5. Nf3 Nbd7 6. Qc2 Bd6 7. b3 a6 8. Be2 O-O 9. O-O dxc4 10. Bxc4 b5 11. Bd3 Bb7 12. Bb2 Rc8 13. Ne4 Nxe4 14. Bxe4 Nf6 15. Bd3 c5 16. Qe2 Qe7 17. dxc5 Rxc5 18. Rac1 Rfc8 19. Rxc5 Rxc5 20. Rd1 Qc7 21. h3 Ne4 22. Ba3 Rc3 23. Bxe4 Bxa3 24. Bxb7 Qxb7 25. Rd8+ Bf8 26. Qd2 Qc7 27. g3 Rc2 28. Qd3 Rxa2 29. Ng5 Ra1+ 30. Kg2 Qc6+ 31. e4 g6 32. Nxh7 Kxh7 33. Rxf8 Qc1 34. Kf3 Kg7 35. Qd8 Qd1+ 1/2-1/2

[Event "Montcalm 6 2006-07"]
[Site "Quebec CAN"]
[Date "2007.03.29"]
[Round "1"]
[White "Caron, Sebastien"]
[Black "Audet-Bouchard, Nicolas"]
[Result "0-1"]
[WhiteElo "1918"]
[BlackElo "2225"]
[PlyCount "119"]
[GameId "2160767910701514"]
[EventDate "2007.03.29"]
[EventType "swiss"]
[EventRounds "5"]
[EventCountry "CAN"]
[SourceTitle "EXT 2022"]
[Source "ChessBase"]
[SourceDate "2021.10.06"]
[SourceVersion "1"]
[SourceVersionDate "2021.10.06"]
[SourceQuality "1"]

1. e4 c5 2. Nf3 Nc6 3. d4 cxd4 4. Nxd4 Nf6 5. Nc3 d6 6. Be2 e5 7. Nb3 Be7 8. Be3 O-O 9. O-O Be6 10. Qd2 a5 11. Rad1 a4 12. Nc1 a3 13. b3 Rc8 14. f3 Nb4 15. Bd3 d5 16. Nxd5 Nfxd5 17. exd5 Nxd5 18. Bf2 Bb4 19. Qe2 Nc3 20. Qxe5 Nxd1 21. Bd4 Qxd4+ 22. Qxd4 Bc5 23. Qxc5 Rxc5 24. Rxd1 Bf5 25. Bxf5 Rxf5 26. Ne2 h5 27. h4 Rc5 28. c3 Re8 29. Kf2 Kf8 30. Rd7 Rce5 31. Rd2 Ke7 32. c4 b5 33. Nd4 Kf6 34. Nxb5 Re1 35. Nxa3 Rh1 36. Kg3 g5 37. hxg5+ Kxg5 38. Nc2 h4+ 39. Kf2 h3 40. Rd5+ Kg6 41. Nd4 h2 42. Kg3 Rh8 43. Ne2 Re1 44. Nf4+ Kf6 45. Nh5+ Rxh5 46. Rxh5 h1=Q 47. Rxh1 Rxh1 48. Kf4 Ra1 49. Ke4 Ke6 50. Kd4 Rxa2 51. Kc5 Rxg2 52. b4 Rf2 53. Kb6 Rxf3 54. c5 Rc3 55. b5 Kd7 56. c6+ Kc8 57. Ka7 Kc7 58. b6+ Kxc6 59. b7 Ra3+ 60. Kb8 0-1

[Event "Montcalm 6 2006-07"]
[Site "Quebec CAN"]
[Date "2007.03.29"]
[Round "1"]
[White "Chiffot, Nicolas"]
[Black "Sauve, Richard"]
[Result "1/2-1/2"]
[WhiteElo "1877"]
[BlackElo "1976"]
[PlyCount "106"]
[GameId "2160767910701515"]
[EventDate "2007.03.29"]
[EventType "swiss"]
[EventRounds "5"]
[EventCountry "CAN"]
[SourceTitle "EXT 2022"]
[Source "ChessBase"]
[SourceDate "2021.10.06"]
[SourceVersion "1"]
[SourceVersionDate "2021.10.06"]
[SourceQuality "1"]

1. d4 e6 2. c4 d5 3. Nc3 c6 4. cxd5 exd5 5. Bf4 Bd6 6. Bg3 Ne7 7. e3 Nf5 8. Bd3 Nxg3 9. hxg3 Nd7 10. Qh5 Qe7 11. Nf3 h6 12. Nh4 Nf6 13. Qe2 Bg4 14. Qc2 O-O 15. O-O Rfe8 16. Bf5 Bxf5 17. Nxf5 Qd7 18. Nxd6 Qxd6 19. Rac1 Ne4 20. Nxe4 Rxe4 21. Qc5 Qf6 22. b4 a6 23. a4 h5 24. b5 axb5 25. axb5 Ra5 26. Rb1 h4 27. Qb6 Rxb5 28. Rxb5 cxb5 29. Qxf6 gxf6 30. Rb1 hxg3 31. Rxb5 gxf2+ 32. Kxf2 Re7 33. Rxd5 b6 34. Rb5 Rb7 35. Kf3 Kf8 36. Ke4 Ke7 37. Kd5 Kd7 38. e4 Kc7 39. Kc4 Kd6 40. Rf5 Ke6 41. Kb5 Rc7 42. Kxb6 Rc4 43. d5+ Ke7 44. Rf4 f5 45. Rxf5 Rxe4 46. Kc5 Rg4 47. d6+ Ke6 48. Rd5 Kd7 49. Rd2 Rg5+ 50. Kc4 Rg6 51. Kc5 Rg5+ 52. Kc4 Rg6 53. Kc5 Rg5+ 1/2-1/2

[Event "Montcalm 6 2006-07"]
[Site "Quebec CAN"]
[Date "2007.03.29"]
[Round "1"]
[White "Lessard, Claude"]
[Black "Auger, Bertrand"]
[Result "1/2-1/2"]
[WhiteElo "1990"]
[BlackElo "2080"]
[PlyCount "71"]
[GameId "2160767910701516"]
[EventDate "2007.03.29"]
[EventType "swiss"]
[EventRounds "5"]
[EventCountry "CAN"]
[SourceTitle "EXT 2022"]
[Source "ChessBase"]
[SourceDate "2021.10.06"]
[SourceVersion "1"]
[SourceVersionDate "2021.10.06"]
[SourceQuality "1"]

1. d4 e6 2. Nf3 Nf6 3. g3 b6 4. Bg2 Bb7 5. O-O Be7 6. c4 O-O 7. Nc3 Ne4 8. Qc2 Nxc3 9. Qxc3 Be4 10. Ne5 Bxg2 11. Kxg2 d5 12. Qf3 f6 13. Nd3 Nc6 14. e3 Qd7 15. cxd5 exd5 16. Bd2 a5 17. a3 a4 18. Nf4 Rfd8 19. Rac1 Na5 20. Bxa5 Rxa5 21. Rc2 c5 22. Re1 Qf5 23. Rd2 c4 24. e4 dxe4 25. Rxe4 c3 26. g4 Qd7 27. bxc3 Bxa3 28. h3 Bc1 29. Rde2 Bxf4 30. Qxf4 a3 31. Re7 Qc6+ 32. f3 Raa8 33. Rc7 Qd5 34. Ree7 Qg5 35. Qxg5 fxg5 36. Rxg7+ 1/2-1/2

[Event "Montcalm 6 2006-07"]
[Site "Quebec CAN"]
[Date "2007.03.29"]
[Round "1"]
[White "Lim, Chin1"]
[Black "Cournoyer, Dominic"]
[Result "1/2-1/2"]
[WhiteElo "1597"]
[BlackElo "1874"]
[PlyCount "60"]
[GameId "2160767910701517"]
[EventDate "2007.03.29"]
[EventType "swiss"]
[EventRounds "5"]
[EventCountry "CAN"]
[SourceTitle "EXT 2022"]
[Source "ChessBase"]
[SourceDate "2021.10.06"]
[SourceVersion "1"]
[SourceVersionDate "2021.10.06"]
[SourceQuality "1"]

1. d4 f5 2. c4 Nf6 3. Nc3 e6 4. Nf3 Be7 5. Bg5 d6 6. g3 O-O 7. Bg2 Nbd7 8. O-O h6 9. Bf4 g5 10. Bd2 c6 11. h4 Nh7 12. hxg5 hxg5 13. Kh2 g4 14. Ne1 d5 15. cxd5 cxd5 16. Nd3 Rf7 17. Rc1 Ng5 18. Rh1 Rh7+ 19. Kg1 Rxh1+ 20. Bxh1 Ne4 21. Nf4 Ndf6 22. Nb5 Qb6 23. Ng6 Bd8 24. Nc3 Qxd4 25. Nxe4 Nxe4 26. Bxe4 Qxe4 27. Bc3 Bg5 28. Bd2 Bd8 29. Bc3 Bg5 30. Bd2 Bd8 1/2-1/2

[Event "Montcalm 6 2006-07"]
[Site "Quebec CAN"]
[Date "2007.04.05"]
[Round "2"]
[White "Auger, Bertrand"]
[Black "Caron, Sebastien"]
[Result "0-1"]
[WhiteElo "2080"]
[BlackElo "1918"]
[PlyCount "102"]
[GameId "2160767910701518"]
[EventDate "2007.03.29"]
[EventType "swiss"]
[EventRounds "5"]
[EventCountry "CAN"]
[SourceTitle "EXT 2022"]
[Source "ChessBase"]
[SourceDate "2021.10.06"]
[SourceVersion "1"]
[SourceVersionDate "2021.10.06"]
[SourceQuality "1"]

1. Nf3 b6 2. g3 Bb7 3. Bg2 g6 4. O-O Bg7 5. d4 Nf6 6. c4 O-O 7. Nc3 d6 8. Qc2 Nbd7 9. b3 a6 10. Bb2 e5 11. d5 Qe7 12. Nd2 Rae8 13. e4 Bc8 14. f4 exf4 15. gxf4 Ng4 16. Nd1 Bxb2 17. Qxb2 f5 18. h3 Ngf6 19. exf5 gxf5 20. Nf3 Nh5 21. Qd2 Nc5 22. Ng5 h6 23. Ne6 Nxe6 24. dxe6 Bxe6 25. Nc3 Qh4 26. Rf3 Re7 27. Re1 Bf7 28. Rxe7 Qxe7 29. Rf2 Ng3 30. Nd5 Bxd5 31. Bxd5+ Kh7 32. Rg2 Ne4 33. Qe1 Re8 34. Kh2 Qf6 35. Qg1 Re7 36. Bg8+ Kh8 37. Rg6 Rg7 38. Rxg7 Qxg7 39. Be6 Qxg1+ 40. Kxg1 Nc3 41. Kf2 Nxa2 42. Bxf5 b5 43. cxb5 axb5 44. Bd7 Nc3 45. f5 Kg7 46. Ke3 Kf6 47. Kf4 c5 48. Be6 Ne2+ 49. Ke4 Nd4 50. Kd5 Nxe6 51. Kxd6 Kxf5 0-1

[Event "Montcalm 6 2006-07"]
[Site "Quebec CAN"]
[Date "2007.04.05"]
[Round "2"]
[White "Cournoyer, Dominic"]
[Black "Perreault, Jacquelin"]
[Result "1/2-1/2"]
[WhiteElo "1874"]
[BlackElo "1864"]
[PlyCount "79"]
[GameId "2160767910701519"]
[EventDate "2007.03.29"]
[EventType "swiss"]
[EventRounds "5"]
[EventCountry "CAN"]
[SourceTitle "EXT 2022"]
[Source "ChessBase"]
[SourceDate "2021.10.06"]
[SourceVersion "1"]
[SourceVersionDate "2021.10.06"]
[SourceQuality "1"]

1. c4 f5 2. Nc3 Nf6 3. Nf3 e6 4. g3 b6 5. Bg2 Bb7 6. b3 Be7 7. Bb2 d6 8. O-O O-O 9. Re1 Ne4 10. Nxe4 Bxe4 11. d3 Bc6 12. b4 Bf6 13. Qb3 Bxb2 14. Qxb2 e5 15. b5 Bb7 16. Qb3 Kh8 17. d4 Qe7 18. dxe5 dxe5 19. Red1 Nd7 20. Nxe5 Qxe5 21. Bxb7 Nc5 22. Qf3 Nxb7 23. Qxb7 Qxe2 24. Qxc7 f4 25. Re1 Qf3 26. Qc6 Qxc6 27. bxc6 Rac8 28. Re6 fxg3 29. fxg3 Rf6 30. Rxf6 gxf6 31. Kf2 Rxc6 32. Rc1 Kg7 33. Ke3 Kf7 34. Kd4 Rd6+ 35. Ke4 Rd2 36. c5 bxc5 37. Rxc5 Rxa2 38. Kf5 Rf2+ 39. Kg4 Ra2 40. Kf5 1/2-1/2

[Event "Montcalm 6 2006-07"]
[Site "Quebec CAN"]
[Date "2007.04.05"]
[Round "2"]
[White "Sauve, Richard"]
[Black "Audet-Bouchard, Nicolas"]
[Result "0-1"]
[WhiteElo "1976"]
[BlackElo "2226"]
[PlyCount "48"]
[GameId "2160767910701520"]
[EventDate "2007.03.29"]
[EventType "swiss"]
[EventRounds "5"]
[EventCountry "CAN"]
[SourceTitle "EXT 2022"]
[Source "ChessBase"]
[SourceDate "2021.10.06"]
[SourceVersion "1"]
[SourceVersionDate "2021.10.06"]
[SourceQuality "1"]

1. d4 Nf6 2. c4 e6 3. Nc3 Bb4 4. Qc2 d5 5. a3 Bxc3+ 6. Qxc3 Ne4 7. Qc2 Nc6 8. e3 e5 9. Nf3 Bf5 10. Bd3 exd4 11. exd4 O-O 12. O-O Re8 13. Re1 Bg6 14. Bf4 Rc8 15. Rac1 Qf6 16. Be3 dxc4 17. Qxc4 Nd6 18. Qc2 Bxd3 19. Qxd3 Qf5 20. Qb3 Na5 21. Qa4 b6 22. Bd2 Nac4 23. Rxe8+ Rxe8 24. Qxa7 Nxd2 0-1